The numerical treatment of a single nonlinear equation /
Guardado en:
| Autor Principal: | |
|---|---|
| Formato: | Libro |
| Idioma: | English |
| Publicado: |
New York :
McGraw-Hill,
c1970.
|
| Series: | International series in pure and applied mathematics
|
| Materias: | |
| Etiquetas: |
Agregar Etiqueta
Sin Etiquetas, Sea el primero en etiquetar este registro!
|
| LEADER | 00929nam a2200229 a 4500 | ||
|---|---|---|---|
| 001 | MAT.inmabb003559 | ||
| 008 | 700525s1970####nyu######b####001#0#eng## | ||
| 005 | 20130318110408.0 | ||
| 245 | 1 | 4 | |a The numerical treatment of a single nonlinear equation / |c A. S. Householder. |
| 260 | |a New York : |b McGraw-Hill, |c c1970. | ||
| 300 | |a viii, 216 p. ; |c 24 cm. | ||
| 440 | 0 | |a International series in pure and applied mathematics | |
| 504 | |a Bibliografía: p. 193-214. | ||
| 505 | 0 | |a 1. Algebraic and analytical background -- 2. Localization of roots -- 3. Koenig's theorem; the $qd$ and related algorithms -- 4. Local methods -- 5. Graeffe's method and others. | |
| 510 | 4 | |a MR, |c 52 #9593 | |
| 100 | 1 | |a Householder, Alston Scott, |d 1904- | |
| 650 | 0 | |a Equations |x Numerical solutions. | |
| 650 | 0 | |a Nonlinear theories. | |
| 084 | |a 65H05 |2 msc2000 | ||
| 010 | |a 79103908 | ||
| 040 | |a DLC |c DLC |d DLC | ||
| 859 | |h 65 |i H842n |p A-4614 |b BIB. MATEMATICA | ||
